PDC Premier League Darts - Statistiken

Allgemein
  • Dieses Quiz wurde 1.639 mal gespielt
    397 seit der letzten Aktualisierung
  • Das Durchschnittsergebnis liegt bei 20 aus 21
Antwortstatistiken
Jahr Nationalität Spieler % Korrekt
2024 England Luke Littler
99%
2016 Niederlande Michael van Gerwen
99%
2017 Niederlande Michael van Gerwen
99%
2018 Niederlande Michael van Gerwen
99%
2019 Niederlande Michael van Gerwen
99%
2022 Niederlande Michael van Gerwen
99%
2023 Niederlande Michael van Gerwen
99%
2013 Niederlande Michael van Gerwen
99%
2025 England Luke Humphries
98%
2010 England Phil Taylor
98%
2012 England Phil Taylor
98%
2005 England Phil Taylor
98%
2006 England Phil Taylor
98%
2007 England Phil Taylor
98%
2008 England Phil Taylor
98%
2011 Schottland Gary Anderson
97%
2015 Schottland Gary Anderson
97%
2021 Wales Jonny Clayton
91%
2014 Niederlande Raymond van Barneveld
89%
2009 England James Wade
66%
2020 England Glen Durrant
46%
Keine übereinstimmenden Quizze gefunden
Verteilung der Resultate
Anzahl Personen mit jedem Resultat
Perzentil nach korrekt beantworteten Fragen
Ihre Resultats-Entwicklung
Sie haben dieses Quiz seit der letzten Aktualisierung nicht gespielt